[Event "IND-ch Challengers (Women) 43rd"]
[Site "Chennai"]
[Date "2016.06.25"]
[Round "11"]
[White "Mishra, Anisha"]
[Black "Tarini, Goyal"]
[Result "0-1"]
[WhiteElo "1530"]
[BlackElo "1951"]
[PlyCount "124"]
[EventDate "2016.06.17"]
[EventType "swiss"]
[EventRounds "11"]
[EventCountry "IND"]
[SourceTitle "CBM 173 Extra"]
[Source "ChessBase"]
[SourceDate "2016.08.29"]
[SourceVersion "1"]
[SourceVersionDate "2016.08.29"]
[SourceQuality "1"]

1. e4 c5 2. Nf3 e6 3. d4 cxd4 4. Nxd4 Nc6 5. Nc3 Qc7 6. Be2 a6 7. 0-0 Nf6 8. Be3 Be7 9. f4 d6 10. a4 0-0 11. Kh1 Nxd4 12. Bxd4 e5 13. Be3 exf4 14. Rxf4 Be6 15. Qe1 d5 16. Bd3 d4 17. e5 dxe3 18. Rxf6 Bxf6 19. exf6 Qf4 20. fxg7 Rfe8 21. Ne2 Qf2 22. Qb4 Bd5 23. Qg4 f5 24. Qg3 Qxg3 25. Nxg3 Kxg7 26. Nxf5+ Kh8 27. Re1 Re6 28. Kg1 Rae8 29. b3 a5 30. g3 b6 31. Bb5 Rf8 32. Nxe3 Rf3 33. Ng2 Rc3 34. Bd3 Rxe1+ 35. Nxe1 Bf7 36. Be2 Bg6 37. Bd1 Kg7 38. Kf2 Kf6 39. Ke2 Ke5 40. Kd2 Rc7 41. Nf3+ Kd5 42. c3 Bh5 43. h3 Bxf3 44. Bxf3+ Ke5 45. Kd3 Rg7 46. g4 Rc7 47. Bg2 Kf4 48. Bd5 Kg3 49. c4 Kxh3 50. Be6 Kg3 51. Kd4 Rc5 52. Bd7 Kf4 53. Be6 Rc6 54. Bd5 Rf6 55. c5 bxc5+ 56. Kxc5 Kxg4 57. b4 axb4 58. Kxb4 h5 59. a5 h4 60. Bb7 h3 61. a6 h2 62. Kc5 Rxa6 0-1

[Event "IND-ch Challengers (Women) 43rd"]
[Site "Chennai"]
[Date "2016.06.19"]
[Round "4"]
[White "Bommini, Mounika Akshaya"]
[Black "Mishra, Anisha"]
[Result "1-0"]
[WhiteElo "1757"]
[BlackElo "1530"]
[PlyCount "61"]
[EventDate "2016.06.17"]
[EventType "swiss"]
[EventRounds "11"]
[EventCountry "IND"]
[SourceTitle "CBM 173 Extra"]
[Source "ChessBase"]
[SourceDate "2016.08.29"]
[SourceVersion "1"]
[SourceVersionDate "2016.08.29"]
[SourceQuality "1"]

1. e4 e5 2. Nc3 Nf6 3. Bc4 Bc5 4. d3 Nc6 5. f4 d6 6. Nf3 Bg4 7. h3 Bxf3 8. Qxf3 Nd4 9. Qd1 a6 10. a3 Qe7 11. g3 exf4 12. Bxf4 h6 13. b4 Ba7 14. Kf1 g5 15. Bd2 Qe5 16. Kg2 h5 17. Rf1 0-0-0 18. Be1 Rh7 19. Rb1 h4 20. g4 c6 21. Ba2 d5 22. exd5 Nxd5 23. Bxd5 cxd5 24. b5 Bb8 25. Rh1 Rh6 26. bxa6 Rxa6 27. Nb5 Ne2 28. Qd2 Ng3 29. Rg1 Ne2 30. Rh1 Rf6 31. Bf2 1-0

[Event "IND-ch U25 Girls 5th"]
[Site "Bhubaneswar"]
[Date "2015.12.15"]
[Round "8"]
[White "Mishra, Anisha"]
[Black "Akshitha, Goud Pally"]
[Result "1-0"]
[WhiteElo "1644"]
[BlackElo "1155"]
[PlyCount "33"]
[EventDate "2015.12.10"]
[EventType "swiss"]
[EventRounds "8"]
[EventCountry "IND"]
[SourceTitle "CBM 169 Extra"]
[Source "ChessBase"]
[SourceDate "2015.12.18"]
[SourceVersion "1"]
[SourceVersionDate "2015.12.18"]
[SourceQuality "1"]

1. e4 d6 2. d4 Nf6 3. Nc3 Nbd7 4. f4 e5 5. Nf3 exf4 6. Bxf4 c6 7. Bc4 h6 8. 0-0 Be7 9. Nh4 0-0 10. Ng6 Re8 11. e5 dxe5 12. dxe5 Bc5+ 13. Kh1 Nh7 14. Be3 Ng5 15. Bxg5 Qxg5 16. Bxf7+ Kh7 17. Qd3 1-0

[Event "IND-ch U25 Girls 5th"]
[Site "Bhubaneswar"]
[Date "2015.12.13"]
[Round "5"]
[White "Mitali, Madhukar Patil"]
[Black "Mishra, Anisha"]
[Result "0-1"]
[WhiteElo "1967"]
[BlackElo "1644"]
[PlyCount "138"]
[EventDate "2015.12.10"]
[EventType "swiss"]
[EventRounds "8"]
[EventCountry "IND"]
[SourceTitle "CBM 169 Extra"]
[Source "ChessBase"]
[SourceDate "2015.12.18"]
[SourceVersion "1"]
[SourceVersionDate "2015.12.18"]
[SourceQuality "1"]

1. e4 e5 2. Nf3 Nc6 3. d4 exd4 4. c3 dxc3 5. Nxc3 Bb4 6. Bc4 d6 7. 0-0 Bxc3 8. bxc3 Nf6 9. e5 dxe5 10. Qb3 0-0 11. Ng5 Qe8 12. Ba3 Na5 13. Qb4 Nxc4 14. Qxc4 c6 15. Bxf8 Qxf8 16. Rfe1 h6 17. Nf3 Be6 18. Qa4 Nd5 19. Qc2 f6 20. Rab1 Qc8 21. Rb2 Nf4 22. Rd1 Bd5 23. Ne1 b5 24. f3 Bc4 25. Qe4 Nd5 26. Rc2 Qe6 27. Rdd2 f5 28. Qh4 Ne3 29. Rb2 Bd5 30. Re2 g5 31. Qh5 Nd1 32. Rbc2 Bc4 33. Red2 Ne3 34. Rc1 Nd5 35. g3 f4 36. Nd3 Kg7 37. Nc5 Qf5 38. g4 Qf7 39. Qxf7+ Kxf7 40. Ne4 Ke7 41. Kf2 Rb8 42. Rb2 Rb6 43. Nd2 Bd3 44. h3 Kd6 45. Rb3 c5 46. c4 bxc4 47. Nxc4+ Bxc4 48. Rxc4 Rxb3 49. axb3 Nb4 50. Ke2 Kd5 51. Rc1 Nc6 52. Kd3 Nd4 53. Ra1 Nxf3 54. Rxa7 e4+ 55. Ke2 Nd4+ 56. Ke1 Nxb3 57. Rd7+ Kc4 58. Rd6 Nd4 59. Rxh6 Kd3 60. Rd6 c4 61. h4 c3 62. h5 c2 63. Rxd4+ Kxd4 64. Kd2 f3 65. h6 f2 66. h7 c1Q+ 67. Kxc1 f1Q+ 68. Kd2 Qd3+ 69. Ke1 Ke3 0-1

[Event "IND-ch U25 Girls 5th"]
[Site "Bhubaneswar"]
[Date "2015.12.11"]
[Round "2"]
[White "Mishra, Anisha"]
[Black "Mohota, Nisha"]
[Result "0-1"]
[WhiteElo "1644"]
[BlackElo "2255"]
[PlyCount "108"]
[EventDate "2015.12.10"]
[EventType "swiss"]
[EventRounds "8"]
[EventCountry "IND"]
[SourceTitle "CBM 169 Extra"]
[Source "ChessBase"]
[SourceDate "2015.12.18"]
[SourceVersion "1"]
[SourceVersionDate "2015.12.18"]
[SourceQuality "1"]

1. e4 Nf6 2. e5 Nd5 3. d4 d6 4. Nf3 g6 5. Bc4 c6 6. Qe2 Bg7 7. h3 0-0 8. 0-0 Nb6 9. Bb3 d5 10. c3 a5 11. a4 Na6 12. Be3 Kh8 13. Nh2 f6 14. f4 Be6 15. Nd2 Rc8 16. Bf2 fxe5 17. fxe5 c5 18. Nhf3 c4 19. Bc2 Bf5 20. Bxf5 Rxf5 21. g4 Rf8 22. Ng5 Qd7 23. e6 Qc6 24. Bg3 h6 25. Nf7+ Kh7 26. Nf3 Nc7 27. Rae1 Nxa4 28. Nh4 Bf6 29. Qd2 Rxf7 30. exf7 Ne6 31. Qe3 Nf8 32. Nf3 b5 33. h4 Qd7 34. g5 Bg7 35. gxh6 Bxh6 36. Ng5+ Kh8 37. Be5+ Bg7 38. Qe2 Rc6 39. Bxg7+ Kxg7 40. Qe5+ Rf6 41. Qg3 Nxb2 42. h5 Nd3 43. Re3 a4 44. h6+ Kxh6 45. Qh4+ Kg7 46. Rxf6 exf6 47. Rh3 fxg5 48. Qh8+ Kxf7 49. Rf3+ Nf4 50. Kf2 Qf5 51. Qh1 a3 52. Kg3 Kg7 53. Qf1 a2 54. Kh2 a1Q 0-1

[Event "IND-ch U25 Girls 5th"]
[Site "Bhubaneswar"]
[Date "2015.12.11"]
[Round "3"]
[White "Routray, Priyanka"]
[Black "Mishra, Anisha"]
[Result "0-1"]
[WhiteElo "1225"]
[BlackElo "1644"]
[PlyCount "108"]
[EventDate "2015.12.10"]
[EventType "swiss"]
[EventRounds "8"]
[EventCountry "IND"]
[SourceTitle "CBM 169 Extra"]
[Source "ChessBase"]
[SourceDate "2015.12.18"]
[SourceVersion "1"]
[SourceVersionDate "2015.12.18"]
[SourceQuality "1"]

1. e4 e5 2. Nf3 Nc6 3. Nc3 Nf6 4. Bc4 Bc5 5. d3 d6 6. h3 h6 7. 0-0 Be6 8. Bb3 Qd7 9. Bxe6 fxe6 10. Na4 Bb6 11. Nxb6 axb6 12. Be3 0-0 13. Nd2 d5 14. exd5 exd5 15. Nf3 Qf5 16. Nh4 Qe6 17. Ng6 Rf7 18. f4 d4 19. Bd2 e4 20. dxe4 Nxe4 21. Nh4 Rxa2 22. f5 Rxa1 23. Qxa1 Nxd2 24. fxe6 Rxf1+ 25. Qxf1 Nxf1 26. Kxf1 Ne7 27. Ke2 g5 28. Nf3 c5 29. Ne5 Kg7 30. Kd3 Kf6 31. Nd7+ Kxe6 32. Nxb6 Nd5 33. Na4 Kd6 34. b3 b5 35. Nb2 Nf4+ 36. Ke4 Nxg2 37. Nd1 Ne1 38. Nf2 Nxc2 39. Kd3 Ne3 40. Ne4+ Kd5 41. Nf6+ Kc6 42. Ng4 h5 43. Nf6 g4 44. hxg4 hxg4 45. Ne4 Kd5 46. Nf6+ Ke5 47. Nd7+ Kd6 48. Nf6 Ng2 49. Nxg4 Ke6 50. Ke4 Nh4 51. Nf2 Nf5 52. Kd3 Kd5 53. Nd1 c4+ 54. bxc4+ bxc4+ 0-1

[Event "IND-ch U15 Girls"]
[Site "Thrissur"]
[Date "2014.08.04"]
[Round "1"]
[White "Harshita, Guddanti"]
[Black "Mishra, Anisha"]
[Result "1-0"]
[WhiteElo "1935"]
[BlackElo "1429"]
[PlyCount "85"]
[EventDate "2014.08.04"]
[EventType "swiss"]
[EventRounds "11"]
[EventCountry "IND"]
[SourceTitle "CBM 162 Extra"]
[Source "ChessBase"]
[SourceDate "2014.10.17"]
[SourceVersion "1"]
[SourceVersionDate "2014.10.17"]
[SourceQuality "1"]

1. e4 e5 2. Nf3 Nc6 3. Bb5 a6 4. Ba4 Nf6 5. d3 b5 6. Bb3 Be7 7. 0-0 0-0 8. c3 d6 9. a4 Be6 10. Re1 Qd7 11. Nbd2 Rfd8 12. d4 Bg4 13. Qc2 h6 14. Qd3 Na5 15. Bc2 Qe8 16. b4 Nb7 17. axb5 Bxf3 18. Nxf3 axb5 19. Rxa8 Rxa8 20. dxe5 dxe5 21. Nxe5 Bf8 22. Nf3 Rd8 23. Qe2 c6 24. e5 Nd5 25. Qe4 g6 26. e6 f5 27. Qh4 Qe7 28. Qxe7 Nxe7 29. Ne5 h5 30. Bg5 c5 31. Bxe7 Bxe7 32. Nxg6 Bf6 33. e7 Re8 34. Bxf5 Bxc3 35. Re3 Bd4 36. Bd7 Bxe3 37. Bxe8 Nd6 38. Bxb5 Bd2 39. bxc5 Kf7 40. cxd6 Kxg6 41. e8Q+ Kf5 42. Bd3+ Kf6 43. Qe7# 1-0